000 00480nmm a2200157Ia 4500
008 251105s9999||||xx |||||||||||||||||und||
020 _a9788412573558
041 _aspa
100 _aSierra i Fabra, Jordi
245 0 _aPelícula virgen (cuentos perversos)
264 _a[Madrid, España] :
_bEditorial SiF,
_c[Fecha de publicación no identificada]
300 _a0 páginas
650 _aLiterature
856 _uhttps://public.digitaliapublishing.com/a/123296
942 _cCF
999 _c76273
_d76273